Most Popular Songs -1987 - Statistics

General Stats
  • This quiz has been taken 27 times
  • The average score is 5 of 12
Answer Stats
Month Artist Song % Correct
September Los Labos La Bamba
70%
February Bon Jovi Livin' On A Prayer
70%
January The Bangles Walk Like An Egyptian
70%
December George Michael Faith
57%
May Cutting Crew I Just Died In Your Arms
52%
October Michael Jackson Bad
48%
March Aretha Franklin & George Michael I Knew You Were Waiting For Me
30%
April Starship Nothing's Gonna Stop Us Now
30%
August Michael Jackson & Siedah Garrett I Just Can't Stop Loving You
17%
November Tiffany I Think We're Alone Now
17%
June Madonna La Isla Bonita
17%
July Whitney Houston I Wanna Dance With Somebody Who Loves Me
13%
No matching quizzes found
Score Distribution
Percent of People with Each Score
Percentile by Number Answered
Your Score History
You have not taken this quiz